KOHA-Header-6

Financial Management theory and Practice (Record no. 8430)

000 -LEADER
fixed length control field 00286nam a2200109Ia 4500
100 ## - MAIN ENTRY--AUTHOR NAME
Personal name Eugene F.Brigham
245 #0 - TITLE STATEMENT
Title Financial Management theory and Practice
260 ## - PUBLICATION, DISTRIBUTION, ETC. (IMPRINT)
Place of publication Karachi
Name of publisher Bismillah book
Year of publication 1998
300 ## - PHYSICAL DESCRIPTION
Number of Pages 1180
942 ## - ADDED ENTRY ELEMENTS (KOHA)
Koha item type Books
Holdings
Withdrawn status Lost status Collection code Permanent Location Current Location Shelving location Date acquired Full call number Accession Number Koha item type
    Finance MAJU MAJU Shelf No.A44 2019-09-14 658.15 3136 Finance

Powered by Koha